| 000 | 01409cam a2200349 i 4500 | ||
|---|---|---|---|
| 001 | 768714001 | ||
| 003 | CO-MdFUSB | ||
| 005 | 20230818110157.0 | ||
| 007 | ta | ||
| 008 | 990405t19991999kyu g b 000 | eng | ||
| 020 | _a0664256457 | ||
| 040 |
_aDLC _bspa _cCO-MdFUSB _dCO-MdFUSB _erda |
||
| 041 | _aeng | ||
| 082 |
_223 _a231.4 _bP397w |
||
| 100 | 1 |
_aPenchansky, David. _eautor |
|
| 245 | 1 | 0 |
_aWhat rough beast? _b: images of God in the Hebrew Bible _c/ David Penchansky |
| 250 | _aprimera edición | ||
| 264 | 1 |
_aLouisville, Ky. : _bWestminster John Knox Press, _c[1999] |
|
| 264 | 4 | _c©1999 | |
| 300 |
_a123 páginas ; _c22 cm. |
||
| 336 |
_atexto _btxt _2rdacontent. |
||
| 337 |
_asin mediación _bn _2rdamedia. |
||
| 338 |
_avolumen _bnc _2rdacarrier. |
||
| 505 | _aIntroducción -- YHWH el Monstruo: El Dios Inseguro (Génesis 3) -- Uza, Amigo de YHWH: El Dios Irracional (2 Samuel 6) -- El censo fatal: el Dios vengativo (2 Samuel 24) -- Nadab y Abiú, Mártires: El Dios Peligroso (Levítico 10) -- El Esposo Sangriento: El Dios Malévolo (Éxodo 4:24-26) -- El profeta loco y el Dios abusivo (2 Reyes 2:23-25) – Conclusión – Notas -- Bibliografía | ||
| 563 | _aRustico | ||
| 630 | 0 | 7 |
_aBiblia. _pAntiguo Testamento _xCrítica, interpretación, etc. |
| 650 | 7 |
_9178 _aDios |
|
| 650 | 7 |
_9320 _aTeología bíblica |
|
| 942 | _cBK | ||
| 945 | _aMag1104 | ||
| 999 |
_c68694 _d68694 |
||